| 000 | 00527nam a22001937a 4500 | ||
|---|---|---|---|
| 003 | OSt | ||
| 005 | 20260414115948.0 | ||
| 008 | 260414b |||||||| |||| 00| 0 eng d | ||
| 020 | _a9780521728393 | ||
| 040 | _cDDC | ||
| 082 | _a515 ROB 2020 | ||
| 100 |
_aRobinson, James C. _919576 |
||
| 245 | _aAn Introduction to Functional Analysis | ||
| 260 | _aCambridge University Press, 2020 | ||
| 300 | _axv,403p.;Ill: 23cm | ||
| 504 | _aReferences, & Index included | ||
| 650 |
_aFunctional analysis _95452 |
||
| 942 |
_2ddc _cO_SHELF |
||
| 999 |
_c9627 _d9627 |
||